ANALYEIS AND DESIGN OF INFORMATION SYSTEMS (Record no. 34426)

MARC details
000 -LEADER
fixed length control field 00281nam a22001217a 4500
003 - CONTROL NUMBER IDENTIFIER
control field SGT
082 ## - DEWEY DECIMAL CLASSIFICATION NUMBER
Classification number 004.21,SEN
100 ## - MAIN ENTRY--PERSONAL NAME
Personal name SENN,JAMES A
245 ## - TITLE STATEMENT
Title ANALYEIS AND DESIGN OF INFORMATION SYSTEMS
260 ## - PUBLICATION, DISTRIBUTION, ETC. (IMPRINT)
Name of publisher, distributor, etc TATA MCGRAW HILL PUB.
Year of Publication 2009
300 ## - PAGE DESCRIPTION
No. of Pages 850
942 ## - ADDED ENTRY ELEMENTS (KOHA)
Source of classification or shelving scheme Dewey Decimal Classification
Koha item type Gifted Books
Holdings
Withdrawn status Lost status Source of classification or shelving scheme Damaged status Not for loan Collection code Home library Current library Shelving location Date acquired Vendor Name SGTU Total Checkouts Full call number Accession No. (Barcode) Date last seen Bill Date Koha item type
    Dewey Decimal Classification     ENGINEERING SGT Engineering Library SGT Engineering Library Text Book 23/03/2026 GIFTED SGTU   004.21,SEN FE9550 23/03/2026 23/03/2026 Gifted Books